Responses for show #7383 - Wednesday, October 19, 2016

Contestants

Debbi Hopkins, an administrative assistant from Charleston, South Carolina

Erin Rettler, a brand manager from Harrisburg, Pennsylvania

Shannon Dillmore, a genomics research manager from Raleigh, North Carolina (whose 2-day cash winnings total $49,062)

Jeopardy! Round responses

ON THE COVER OF ROLLING STONE
LITERARY NUMBER, PLEASE
THAT EXPLAINS IT
STATE BIRDS
"ILE" BE BACK
(Alex: Each response will end with those three letters.)
FINAL RESTING PLACES
    $200 4
[Alex reads the blank as "this many".]

100

Erin
    $200 7
executive, legislative & judicial

Shannon
    $200 28
[The end-of-round signal sounds.]

Rhode Island & Delaware

Debbi
    $200 20
beguile

Shannon
    $200 15
Abraham Lincoln

Shannon
    $400 5
[Alex reads the blank as "these".]

four

Debbi
    $400 8
Einstein

Shannon
    $400 12
(Shannon: What's an oriole?)
(Alex: Yes, be more specific.)

the Baltimore oriole

Shannon
    $400 21
domicile

Shannon
    $400 16
(Karl) Marx

Debbi
    $600 1
Miley Cyrus

Erin
    $600 6
500

Triple Stumper
    $600 9
(Shannon: I never do that. EXPLAINS $800.)
(Alex: You didn't have to explain that.)

mansplaining

Shannon
    $2,000 13
Arizona

Shannon
    $600 22
the Nile crocodile

Erin
    $600 17
Walter Reed

Debbi
    $800 2
Jennifer Lawrence

Erin
    $800 27
[Alex reads the blank as "number of".]
(Alex: It's here in Southern California, [*] Palms.)

Twentynine

Triple Stumper
    $800 10
(Johannes) Kepler

Shannon
    $800 14
pheasant

Debbi
    $800 23
the circular file

Erin
    $800 18
Concord

Triple Stumper
    $1000 3
Nicki Minaj

Triple Stumper
    $1000 25
[Alex reads the blank as "this".]

18

Triple Stumper
    $1000 11
[Applause for Shannon's run of the category]

(Malcolm) Gladwell

Shannon
    $1000 26
the mockingbird

Triple Stumper
    $1000 24
(Alex: Less than a minute now.)

tensile

Debbi
    $1000 19
(Andrew) Carnegie

Debbi

Scores at the first commercial break (after clue 14):

Shannon Erin Debbi
$5,400 $1,600 $1,200

Scores at the end of the Jeopardy! Round:

Shannon Erin Debbi
$6,200 $3,000 $4,400

Double Jeopardy! Round responses

EUROPEAN CAPITALS
FURNITURE
QUASI-RELATED PAIRS
AMERICAN REVOLUTIONARIES
TARANTINO'S FAVORITE ACTORS
CROSSED OFF WALTZ
    $400 8
(Debbi: What is Oslo?)

Reykjavík

ShannonDebbi
    $400 20
sewing

Shannon
    $400 14
Fish & chips

Debbi
    $400 1
(Brad) Pitt

Shannon
    $800 7
(Shannon: What is Budapest?)
(Erin: What is Bucharest?)

Copenhagen

ShannonErin
Triple Stumper
    $800 11
leaves

Erin
    $800 13
barns & noble

Triple Stumper
    $800 21
(Benjamin) Franklin

Debbi
    $800 2
(Uma) Thurman

Shannon
    $5,000 6
(Shannon: What is San Marino?)

Monaco

Shannon
    $1200 19
a splat

Shannon
    $1200 17
proctor & gamble

Debbi
    $1200 23
(Alex: [*] with less than a minute now.)

(John Paul) Jones

Debbi
    $1200 3
Samuel L. Jackson

Shannon
    $1200 27
[The end-of-round signal sounds.]

Thelonious Monk

Triple Stumper
    $1600 9
Belgrade

Shannon
    $1600 12
mahogany

Debbi
    $1600 15
Hugh & cry

Debbi
    $2,500 22
John Jay

Debbi
    $1600 4
(Harvey) Keitel

Shannon
    $1600 26
a fiddle

Erin
    $2000 10
Minsk

Shannon
    $2000 18
the console table

Erin
    $2000 16
dyne & dash

Triple Stumper
    $2000 24
Samuel Adams

Debbi
    $2000 5
[Applause for Shannon's run of the category]
(Alex: You know your Tarantino films, and it has paid off handsomely.)

(Tim) Roth

Shannon
    $2000 25
"Jitterbug Waltz"

Triple Stumper

Scores at the end of the Double Jeopardy! Round:

Shannon Erin Debbi
$12,000 $6,600 $15,300

[wagering suggestions for these scores]

Final Jeopardy! Round responses

1960s SCIENCE BOOKS
ErinWhat is Br
$5,401
ShannonWhat is Silent Spring?
$3,331
DebbiWhat is The Silent Spring
$3,000
Silent Spring (by Rachel Carson)

Final scores:

Shannon Erin Debbi
$15,331 $1,199 $18,300
2nd place: $2,000 3rd place: $1,000 New champion: $18,300

Game dynamics:

Coryat scores:

Shannon Erin Debbi
$15,600 $6,600 $14,400
20 R
(including 1 DD),
2 W
(including 1 DD)
8 R,
1 W
15 R
(including 1 DD),
1 W

Combined Coryat: $36,600

The J! Archive is created by fans, for fans. The Jeopardy! game show and all elements thereof, including but not limited to copyright and trademark thereto, are the property of Jeopardy Productions, Inc. and are protected under law. This website is not affiliated with, sponsored by, or operated by Jeopardy Productions, Inc. Join the discussion at JBoard.tv.